<?xml version="1.0" encoding="UTF-8"?>
<marc:record xmlns:marc="http://www.loc.gov/MARC21/slim">
   <marc:leader>00000nam a2200000 a 4500</marc:leader>
   <marc:datafield ind1=" " ind2=" " tag="653">
      <marc:subfield code="a">Café Marble</marc:subfield>
   </marc:datafield>
   <marc:datafield ind1=" " ind2=" " tag="653">
      <marc:subfield code="a">Beziehungen</marc:subfield>
   </marc:datafield>
   <marc:datafield ind1=" " ind2=" " tag="653">
      <marc:subfield code="a">Achtsamkeit</marc:subfield>
   </marc:datafield>
   <marc:datafield ind1=" " ind2=" " tag="653">
      <marc:subfield code="a">Episodenroman</marc:subfield>
   </marc:datafield>
   <marc:datafield ind1=" " ind2=" " tag="653">
      <marc:subfield code="a">Wendepunkte im Leben</marc:subfield>
   </marc:datafield>
   <marc:datafield ind1="0" ind2="0" tag="245">
      <marc:subfield code="a">Donnerstags im Café unter den Kirschbäumen</marc:subfield>
   </marc:datafield>
   <marc:datafield ind1=" " ind2="1" tag="264">
      <marc:subfield code="a">Hamburg</marc:subfield>
      <marc:subfield code="b">Rowohlt Taschenbuch</marc:subfield>
      <marc:subfield code="c">2025</marc:subfield>
   </marc:datafield>
   <marc:datafield ind1="1" ind2=" " tag="520">
      <marc:subfield code="a">Der Roman arbeitet mit einer schlichten, zugänglichen und dialogorientierten Sprache, die stark auf situative Beobachtung und emotionale Nuancen setzt. Die Erzählweise ist episodisch, wodurch jede Begegnung im Café eine eigene mikronarrative Struktur erhält.&#xD;
Die Syntax ist überwiegend parataktisch, was der Erzählung eine ruhige, fast meditative Rhythmik verleiht. Wiederkehrende Motive – Kirschblüten, Fluss, Holz, Kakao, Briefe – bilden semantische Inseln, die atmosphärische Kontinuität schaffen.&#xD;
Die Figurenrede ist höflich, zurückhaltend und indirekt, typisch für japanische Kommunikationskultur, was sich in elliptischen Antworten, impliziten Bedeutungen und subtilen emotionalen Verschiebungen zeigt.</marc:subfield>
   </marc:datafield>
   <marc:datafield ind1=" " ind2=" " tag="020">
      <marc:subfield code="a">9783499015359</marc:subfield>
      <marc:subfield code="9">9783499015359</marc:subfield>
   </marc:datafield>
   <marc:datafield ind1=" " ind2=" " tag="041">
      <marc:subfield code="a">ger</marc:subfield>
   </marc:datafield>
   <marc:datafield ind1=" " ind2=" " tag="338">
      <marc:subfield code="a">Band</marc:subfield>
   </marc:datafield>
   <marc:datafield ind1=" " ind2=" " tag="300">
      <marc:subfield code="a">192 S.</marc:subfield>
   </marc:datafield>
</marc:record>
